Loading...
| Science - Physics | 0 | 5 | 1 | 0 | 45 | 28 | 51.80 | 1 | 4 |
| Fine Arts - Visual Fine Arts | 0 | 3 | 0 | 0 | 30 | 87 | 114.00 | 0 | 0 |
| Literature - American Literature | 0 | 3 | 0 | 1 | 30 | 125 | 134.67 | 0 | 0 |
| Science - Other Science | 0 | 3 | 0 | 1 | 30 | 82 | 95.67 | 0 | 2 |
| Science - Chemistry | 0 | 3 | 1 | 0 | 25 | 64 | 79.00 | 1 | 2 |
| Social Science | 0 | 3 | 1 | 1 | 25 | 21 | 76.00 | 1 | 2 |
| Mythology | 0 | 2 | 0 | 1 | 20 | 121 | 129.00 | 0 | 1 |
| Fine Arts - Other Fine Arts | 0 | 1 | 0 | 1 | 10 | 128 | 128.00 | 0 | 0 |
| Philosophy | 0 | 1 | 0 | 1 | 10 | 128 | 128.00 | 0 | 0 |
| Pop Culture | 0 | 1 | 0 | 0 | 10 | 94 | 94.00 | 0 | 0 |
| Religion | 0 | 2 | 2 | 1 | 10 | 109 | 119.00 | 0 | 1 |
| Science - Biology | 0 | 1 | 0 | 0 | 10 | 74 | 74.00 | 0 | 1 |
| Literature - World/Other Literature | 0 | 1 | 0 | 0 | 10 | 115 | 115.00 | 0 | 0 |
| Geography/Current Events | 0 | 1 | 0 | 1 | 10 | 91 | 91.00 | 0 | 0 |
| History - American History | 0 | 1 | 0 | 1 | 10 | 110 | 110.00 | 0 | 0 |
| History - Other History | 0 | 1 | 0 | 1 | 10 | 114 | 114.00 | 0 | 0 |
| History - World History | 0 | 1 | 0 | 1 | 10 | 115 | 115.00 | 0 | 1 |
| Literature - British Literature | 0 | 1 | 0 | 0 | 10 | 136 | 136.00 | 0 | 0 |
| Literature - European Literature | 0 | 1 | 0 | 1 | 10 | 143 | 143.00 | 0 | 0 |
| Other Academic | 0 | 1 | 1 | 0 | 5 | 100 | 100.00 | 0 | 0 |
| History - European History | 0 | 1 | 1 | 1 | 5 | 132 | 132.00 | 0 | 0 |